Online Catalogue and eLibrary

Ezhupathukalil kalai iIllakkiyam (Record no. 3955)

MARC details
000 -LEADER
fixed length control field 00410nam a2200157Ia 4500
005 - DATE AND TIME OF LATEST TRANSACTION
control field 20250312045049.0
008 - FIXED-LENGTH DATA ELEMENTS--GENERAL INFORMATION
fixed length control field 240331s9999 xx 000 0 und d
082 ## - DDC Classification
Item Number - Author Mark EZH
Class No. 894
245 #0 - TITLE STATEMENT
Title Ezhupathukalil kalai iIllakkiyam
250 ## - EDITION STATEMENT
Edition statement 2nd
260 ## - PUBLICATION, DISTRIBUTION, ETC.
Place of publication, distribution, etc. Bangalore
Name of publisher, distributor, etc. Kaavya Publishers
Date of publication, distribution, etc. 1990
300 ## - PHYSICAL DESCRIPTION
Extent (e.g. Volumes, Pages etc.) 205 p .,
500 ## - GENERAL NOTE
General note Criticism on Tamil Art & Literature
700 ## - ADDED ENTRY--PERSONAL NAME
Personal name Sundaram,L.
Relator term (Role) Editor
942 ## - Koha item type (Biblio)
Koha item type Books in Stacks (Lending)
Holdings
Lost status Damaged status Collection code Home library Current library Shelving location Date acquired Full call number Accession Number Item type
    Lending WERC Library WERC Library Social Science Cupboard 03/31/2024 894.811 EZH 807 Books in Stacks (Lending)

© WERC Library